000 00615nam a22002297a 4500
003 UA-OsUOA
001 99326
007 ta
008 20130426b un ||||| |||| 00| 0 ukr d
100 _aСиянов Н.
090 _a821.161.1
_bС41
942 _cBK
040 _aUA-OsUOA
_brus
_cUA-OsUOA
_dUA-OsUOA
245 _aВанюшкин мередиан
_bповесть
300 _a382 с.
955 _a3
041 _arus
080 _a821.161.1
260 _aМ.
_bМолодая гвардия
_c1989
650 7 _a82 Література. Літературознавство
_2UDC
999 _c385437
_d385437